| 000 | 00566nam a22002057a 4500 | ||
|---|---|---|---|
| 003 | OSt | ||
| 005 | 20160818143458.0 | ||
| 008 | 160818b xxu||||| |||| 00| 0 eng d | ||
| 020 | _a0750633662 | ||
| 040 | _cDNLM. | ||
| 082 | _aWE707W289s 2000. | ||
| 100 |
_aWatkinson,C.John;Gaze,N.Mark;Wilson,A.Janet; _910775 |
||
| 245 | _aStell & Maran's Head & Neck Surgery; | ||
| 250 | _a4th Ed. | ||
| 260 |
_aOxford. _bButterworth Heinemann. _c2000. |
||
| 300 |
_aviii,519p; _bcol,ill; _c27cm. |
||
| 504 | _aincludes index. | ||
| 650 |
_aSurgery. _9323 |
||
| 942 |
_2z _cO_SHELF |
||
| 999 |
_c5033 _d5033 |
||